| 000 | 00355pab a2200145 454500 | ||
|---|---|---|---|
| 008 | 180718b1997 xxu||||| |||| 00| 0 eng d | ||
| 100 | _aChakravartty, Sumit | ||
| 245 | _aIndo-Bangladesh treaty on sharing Ganga waters | ||
| 260 | _c1997 | ||
| 300 | _ap.31-34 | ||
| 362 | _a11 Jan | ||
| 650 | _aWater resources | ||
| 773 | _aMainstream | ||
| 909 | _a33242 | ||
| 999 |
_c33242 _d33242 |
||